| 000 | 01131cam a2200313 a 4500 | ||
|---|---|---|---|
| 001 | 13982653 | ||
| 003 | ARRUPE | ||
| 005 | 20150422020007.0 | ||
| 008 | 041209s2004 tz b 000 0 eng | ||
| 010 | _a 2004410858 | ||
| 020 | _a9987645127 | ||
| 035 | _a(DLC) 2004410858 | ||
| 040 |
_aDLC _cDLC _dDLC |
||
| 042 | _alcode | ||
| 043 | _af------ | ||
| 050 | 0 | 0 |
_aDT20 _b.M994 2004 |
| 082 | 0 | 0 |
_a960 _222 |
| 100 | 1 |
_aMwijage, Jovitus F. Kamara, _d1966- _94665 |
|
| 245 | 1 | 0 |
_aMajor events in African history : _ba guide to the study of the origins and development of the modern African states / _cJovitus F. Kamara Mwijage. |
| 250 | _a2nd ed., rev. & enl. | ||
| 260 |
_aMorogoro [Tanzania] : _bSalvatorian Institute of Philosophy and Theology, _c2004. |
||
| 300 |
_axii, 362 p. ; _c21 cm. |
||
| 504 | _aIncludes bibliographical references (p. [359]-362). | ||
| 651 | 0 |
_aAfrica _xHistory _vTextbooks. _94666 |
|
| 651 | 0 |
_aAfrica _xHistory _vOutlines, syllabi, etc. _94667 |
|
| 906 |
_a7 _bcbc _corigode _d3 _encip _f20 _gy-gencatlg |
||
| 942 |
_2lcc _cMONOGRAPH _03 |
||
| 999 |
_c118930 _d118930 |
||